[Event "ODEM U25A 2012"]
[Site "Oberhof GER"]
[Date "2012.06.02"]
[Round "9"]
[White "Häusler, Yannick"]
[Black "Peters, Florian"]
[Result "1-0"]
[Termination "normal"]
[Board "22"]
[WhiteElo "1900"]
[BlackElo "1537"]
[PlyCount "75"]
[WhiteFideId "12935891"]
[BlackFideId "12952028"]
[EventCountry "GER"]
[EventRounds "9"]
[EventType "swiss"]
[EventDate "2012.05.26"]

1. e4 c6 2. d4 d5 3. Nc3 dxe4 4. Nxe4 Bf5 5. Ng3 Bg6 6. Bc4 e6 7. N1e2 Nd7 8.
O-O Ngf6 9. Re1 Qc7 10. Nf4 O-O-O 11. Bxe6 fxe6 12. Nxe6 Qb6 13. Nxd8 Qxd8 14.
c3 Nd5 15. Bd2 N7b6 16. b4 Nc4 17. Qc1 Be7 18. a4 Nxd2 19. Qxd2 Bg5 20. Qb2 Nf4
21. Red1 Qd5 22. f3 Nd3 23. Qa2 Qxa2 24. Rxa2 Bf7 25. Raa1 Be3+ 26. Kf1 Bc4 27.
Ke2 Re8 28. Ne4 Bxd4 29. cxd4 Nb2+ 30. Kd2 Rd8 31. Rg1 Bf7 32. Kc3 Nc4 33. Rge1
Nd6 34. Nxd6+ Rxd6 35. Re7 Rf6 36. Rae1 g5 37. h3 Bg6 38. Rg7 1-0

[Event "ODEM U25A 2012"]
[Site "Oberhof GER"]
[Date "2012.06.02"]
[Round "9"]
[White "Bosse, Lea"]
[Black "Bieg, Pascal"]
[Result "0-1"]
[Termination "normal"]
[Board "23"]
[WhiteElo "1631"]
[BlackElo "1776"]
[PlyCount "60"]
[WhiteFideId "12900419"]
[BlackFideId "12915645"]
[EventCountry "GER"]
[EventRounds "9"]
[EventType "swiss"]
[EventDate "2012.05.26"]

1. e4 e6 2. d4 d5 3. Nd2 Nf6 4. e5 Nfd7 5. Bd3 c5 6. c3 Nc6 7. Ne2 cxd4 8. cxd4
f6 9. exf6 Nxf6 10. Nf3 Bd6 11. Bf4 Qa5+ 12. Kf1 Bxf4 13. Nxf4 O-O 14. Qe1 Qb6
15. Qd2 Kh8 16. Ne2 e5 17. dxe5 Ng4 18. Neg1 Ncxe5 19. Bb1 Bd7 20. a4 Rac8 21.
Nh3 Nxf3 22. gxf3 Rxf3 23. Kg2 Rxh3 24. Kxh3 Nxf2+ 25. Kg2 Nxh1 26. Kxh1 Bc6
27. b4 d4+ 28. Kg1 d3+ 29. Kf1 Rf8+ 30. Ke1 Qg1# 0-1

[Event "ODEM U25A 2012"]
[Site "Oberhof GER"]
[Date "2012.06.02"]
[Round "9"]
[White "Wachinger, David"]
[Black "Kitze, Lukas"]
[Result "1-0"]
[Termination "normal"]
[Board "24"]
[WhiteElo "1699"]
[BlackElo "1513"]
[PlyCount "49"]
[WhiteFideId "24692689"]
[BlackFideId "12932159"]
[EventCountry "GER"]
[EventRounds "9"]
[EventType "swiss"]
[EventDate "2012.05.26"]

1. e4 c5 2. Nf3 d6 3. d4 cxd4 4. Nxd4 Nf6 5. Nc3 g6 6. Be3 Bg7 7. f3 Nc6 8. Bc4
O-O 9. Qd2 Bd7 10. h4 Qa5 11. h5 Nxh5 12. g4 Nf6 13. O-O-O Rfc8 14. Bb3 Ne5 15.
Bh6 Bh8 16. Bg5 Nc4 17. Bxc4 Rxc4 18. Nb3 Qa6 19. e5 Ne8 20. Bxe7 Rxc3 21. Qh6
Rxc2+ 22. Kxc2 Qe2+ 23. Rd2 Rc8+ 24. Kb1 Bf5+ 25. gxf5 1-0

[Event "ODEM U25A 2012"]
[Site "Oberhof GER"]
[Date "2012.06.02"]
[Round "9"]
[White "Wastian, Jan"]
[Black "Bleecke, Sebastian"]
[Result "1-0"]
[Termination "normal"]
[Board "25"]
[WhiteElo "1627"]
[BlackElo "1595"]
[PlyCount "103"]
[WhiteFideId "12911640"]
[BlackFideId "12941131"]
[EventCountry "GER"]
[EventRounds "9"]
[EventType "swiss"]
[EventDate "2012.05.26"]

1. e4 c6 2. d4 d5 3. exd5 cxd5 4. c4 Nf6 5. Nc3 Nc6 6. Bg5 dxc4 7. Bxc4 h6 8.
Bh4 Qa5 9. h3 Bf5 10. Nf3 g5 11. Bg3 Ne4 12. Rc1 Bg7 13. O-O Nxc3 14. bxc3 b5
15. Bb3 O-O 16. d5 Nd8 17. Nd4 Bg6 18. c4 bxc4 19. Rxc4 Qb6 20. Nc6 Nxc6 21.
Rxc6 Qd4 22. Qxd4 Bxd4 23. d6 Rac8 24. Rfc1 Rxc6 25. Rxc6 Be4 26. Rc4 e5 27. d7
Rd8 28. Rc8 Bb6 29. Bxe5 Bb7 30. Rxd8+ Bxd8 31. Ba4 f6 32. Bd4 a5 33. g4 Bd5
34. Bb3 Bxb3 35. axb3 Kf7 36. Kg2 Ke6 37. Kf3 Kxd7 38. Ke4 Ke6 39. Bc5 Bc7 40.
Bd4 Bd6 41. Bb6 Bb4 42. Be3 Bd6 43. f4 Bb4 44. f5+ Ke7 45. Kd5 Kd7 46. Bc5 Bc3
47. Ba3 Be5 48. Bc1 Bc3 49. Be3 Bb4 50. Bd4 Be7 51. Bc3 Bd8 52. Kc5 1-0

[Event "ODEM U25A 2012"]
[Site "Oberhof GER"]
[Date "2012.06.02"]
[Round "9"]
[White "Kirn, Niklas Johann"]
[Black "Dietrich, Franz"]
[Result "1/2-1/2"]
[Termination "normal"]
[Board "26"]
[WhiteElo "1687"]
[BlackElo "1571"]
[PlyCount "48"]
[WhiteFideId "12910899"]
[BlackFideId "1270312"]
[EventCountry "GER"]
[EventRounds "9"]
[EventType "swiss"]
[EventDate "2012.05.26"]

1. e4 e5 2. Nf3 Nc6 3. Bb5 a6 4. Ba4 Nf6 5. O-O b5 6. Bb3 Bc5 7. a4 b4 8. Nxe5
Nxe5 9. d4 Bxd4 10. Qxd4 Nc6 11. Qc5 Bb7 12. Bg5 d6 13. Qe3 O-O 14. Qf4 Ne5 15.
Bxf6 Qxf6 16. Qxf6 gxf6 17. Nd2 Rad8 18. f3 d5 19. exd5 Bxd5 20. Bxd5 Rxd5 21.
Ne4 Kg7 22. Rad1 Rfd8 23. Rxd5 Rxd5 24. Re1 c5 1/2-1/2

[Event "ODEM U25A 2012"]
[Site "Oberhof GER"]
[Date "2012.06.02"]
[Round "9"]
[White "Mann, Jonas"]
[Black "Thumm, Felix"]
[Result "1-0"]
[Termination "normal"]
[Board "27"]
[WhiteElo "1541"]
[BlackElo "1738"]
[PlyCount "47"]
[WhiteFideId "12900214"]
[BlackFideId "12902209"]
[EventCountry "GER"]
[EventRounds "9"]
[EventType "swiss"]
[EventDate "2012.05.26"]

1. Nc3 c5 2. e4 Nc6 3. f4 d6 4. Nf3 Nf6 5. Bc4 Bd7 6. O-O g6 7. d3 Na5 8. Bb3
Nxb3 9. axb3 Bg7 10. Qe1 e6 11. e5 dxe5 12. fxe5 Nd5 13. Ne4 h6 14. Nd6+ Ke7
15. Nh4 Bf6 16. Qg3 g5 17. exf6+ Kf8 18. Bxg5 hxg5 19. Qxg5 Nxf6 20. Rxf6 Ke7
21. Nxf7 Qb6 22. Ng6+ Ke8 23. Nfxh8 c4+ 24. Kh1 1-0

[Event "ODEM U25A 2012"]
[Site "Oberhof GER"]
[Date "2012.06.02"]
[Round "9"]
[White "Naundorf, Johannes"]
[Black "Walther, Felix"]
[Result "1/2-1/2"]
[Termination "normal"]
[Board "28"]
[WhiteElo "1494"]
[BlackElo "1586"]
[PlyCount "48"]
[WhiteFideId "12950009"]
[EventCountry "GER"]
[EventRounds "9"]
[EventType "swiss"]
[EventDate "2012.05.26"]

1. d4 d5 2. Bf4 Nf6 3. e3 a6 4. Bd3 Nc6 5. c3 e6 6. Nf3 Bd6 7. Bg3 O-O 8. Qc2
g6 9. Ne5 Bxe5 10. dxe5 Ng4 11. h4 Ngxe5 12. h5 Nxd3+ 13. Qxd3 Qg5 14. h6 Ne7
15. Nd2 Nf5 16. Nf3 Qe7 17. Bf4 c5 18. g4 Nd6 19. g5 Ne4 20. c4 Rd8 21. Rg1 Bd7
22. cxd5 exd5 23. Be5 Bb5 24. Qc2 Rd7 1/2-1/2

[Event "ODEM U25A 2012"]
[Site "Oberhof GER"]
[Date "2012.06.02"]
[Round "9"]
[White "Katz, Simon"]
[Black "Hartmann, Jakob"]
[Result "1/2-1/2"]
[Termination "normal"]
[Board "29"]
[WhiteElo "1433"]
[BlackElo "1710"]
[PlyCount "103"]
[WhiteFideId "12901296"]
[BlackFideId "12918067"]
[EventCountry "GER"]
[EventRounds "9"]
[EventType "swiss"]
[EventDate "2012.05.26"]

1. e4 d5 2. exd5 Qxd5 3. Nc3 Qd6 4. d4 Nf6 5. Nf3 a6 6. Be3 b5 7. Bd3 Bb7 8.
O-O e6 9. a3 Nbd7 10. Nd2 Be7 11. Nde4 Qc6 12. Qf3 O-O 13. Nxf6+ Nxf6 14. Qxc6
Bxc6 15. Rfe1 Rfd8 16. Ne2 Ne4 17. Ng3 Nxg3 18. hxg3 Bf6 19. c3 Bb7 20. Be2 Rd7
21. Bf3 Bxf3 22. gxf3 Rad8 23. b4 e5 24. Rac1 g6 25. dxe5 Bxe5 26. Bd4 Bxd4 27.
cxd4 Rxd4 28. Rxc7 Rd1 29. Kf1 Rxe1+ 30. Kxe1 Rd3 31. Ke2 Rxa3 32. Ra7 Kg7 33.
f4 Ra4 34. Kf3 Kh6 35. Kg2 f6 36. Kf3 f5 37. Kg2 Rxb4 38. Rxa6 Rb1 39. Rb6 b4
40. Rb7 b3 41. Rc7 Rb2 42. Rb7 Rb1 43. Rc7 b2 44. Rb7 g5 45. fxg5+ Kxg5 46. f3
h6 47. Rb6 Kh5 48. Rb5 Kg6 49. Rb6+ Kf7 50. Rb7+ Ke6 51. Rb6+ Kd5 52. Rb8
1/2-1/2

[Event "ODEM U25A 2012"]
[Site "Oberhof GER"]
[Date "2012.06.02"]
[Round "9"]
[White "Askri, Samir"]
[Black "Blumenthal, Clemens"]
[Result "1-0"]
[Termination "normal"]
[Board "30"]
[WhiteElo "1795"]
[BlackElo "1435"]
[PlyCount "75"]
[WhiteFideId "12924938"]
[BlackFideId "12938050"]
[EventCountry "GER"]
[EventRounds "9"]
[EventType "swiss"]
[EventDate "2012.05.26"]

1. d4 d5 2. c4 e6 3. Nc3 Nf6 4. cxd5 exd5 5. Bg5 c6 6. e3 Bf5 7. Bd3 Bg6 8.
Nge2 Bd6 9. Qc2 Nbd7 10. h3 Qc7 11. Nf4 Bxd3 12. Nxd3 h6 13. Bf4 O-O 14. g4
Bxf4 15. Nxf4 Rfe8 16. O-O-O b5 17. Rdg1 b4 18. Ncxd5 Nxd5 19. Nxd5 Qa5 20. Nf4
Qxa2 21. g5 hxg5 22. Rxg5 Qa1+ 23. Qb1 Qxb1+ 24. Kxb1 a5 25. Rhg1 g6 26. h4 Nf6
27. h5 Ne4 28. R5g2 g5 29. Kc2 Kh7 30. Nd3 f6 31. Nc5 Nxc5 32. dxc5 Re5 33. f4
Rxc5+ 34. Kb3 Kh6 35. e4 Re8 36. e5 gxf4 37. Rg6+ Kxh5 38. R6g2 1-0

[Event "ODEM U25A 2012"]
[Site "Oberhof GER"]
[Date "2012.06.02"]
[Round "9"]
[White "Wodzinski, Kristin"]
[Black "Klinge, Sabina"]
[Result "0-1"]
[Termination "normal"]
[Board "31"]
[WhiteElo "1692"]
[BlackElo "1447"]
[PlyCount "62"]
[WhiteFideId "12923141"]
[BlackFideId "12949590"]
[EventCountry "GER"]
[EventRounds "9"]
[EventType "swiss"]
[EventDate "2012.05.26"]

1. d4 Nf6 2. Nf3 d5 3. c4 e6 4. Nc3 Be7 5. Bg5 O-O 6. e3 h6 7. Bh4 b6 8. Bd3 c5
9. O-O Nc6 10. cxd5 Nxd5 11. Rc1 Bxh4 12. Nxd5 exd5 13. dxc5 Bf6 14. Qa4 Ne5
15. Nxe5 Bxe5 16. Qb5 Bd7 17. c6 Be8 18. Rc2 Rc8 19. Rfc1 Rc7 20. a4 Qd6 21. g3
Qe6 22. Bf1 f6 23. Bg2 Bf7 24. Rd1 Rd8 25. e4 d4 26. f4 Bd6 27. Rxd4 Bc5 28.
Rxc5 Rxd4 29. Rd5 Rxd5 30. exd5 Qe1+ 31. Bf1 Qd1 0-1